<?xml version="1.0" encoding="UTF-8"?>
<record
    xmlns:xsi="http://www.w3.org/2001/XMLSchema-instance"
    xsi:schemaLocation="http://www.loc.gov/MARC21/slim http://www.loc.gov/standards/marcxml/schema/MARC21slim.xsd"
    xmlns="http://www.loc.gov/MARC21/slim">

  <leader>01324nam a22002775i 4500</leader>
  <controlfield tag="001">164909</controlfield>
  <controlfield tag="003">ES-MaACL</controlfield>
  <controlfield tag="005">20250824052159.0</controlfield>
  <controlfield tag="008">960523s18811883sp           |||| | spa d</controlfield>
  <datafield tag="040" ind1=" " ind2=" ">
    <subfield code="a">CLM </subfield>
    <subfield code="b">spa </subfield>
    <subfield code="c">CLM</subfield>
  </datafield>
  <datafield tag="100" ind1="1" ind2=" ">
    <subfield code="a">Schiller, Friedrich,</subfield>
    <subfield code="d">1759-1805</subfield>
    <subfield code="9">104361</subfield>
    <subfield code="e">aut</subfield>
  </datafield>
  <datafield tag="245" ind1="1" ind2="0">
    <subfield code="a">Obras dram&#xE1;ticas / </subfield>
    <subfield code="c">de Schiller ; traducidas directamente al castellano de la edici&#xF3;n alemana de Cotta por Eduardo de Mier.</subfield>
  </datafield>
  <datafield tag="260" ind1=" " ind2=" ">
    <subfield code="a">Madrid : </subfield>
    <subfield code="b">Luis Navarro editor, </subfield>
    <subfield code="c">1881-1883</subfield>
  </datafield>
  <datafield tag="300" ind1=" " ind2=" ">
    <subfield code="a">3 v. ; </subfield>
    <subfield code="c">19 cm.</subfield>
  </datafield>
  <datafield tag="490" ind1="1" ind2=" ">
    <subfield code="a">Biblioteca cl&#xE1;sica ; </subfield>
    <subfield code="v">43, 49, 62</subfield>
  </datafield>
  <datafield tag="505" ind1="8" ind2=" ">
    <subfield code="a">Contiene: T. I. Los ladrones, p. 27-183 ; Wallenstein, p. 185-232 ; Los Piccolomini, p. 233-326 ; La muerte de Wallenstein, p. 327-468 -- T. II. La conjuraci&#xF3;n de Fiesco, p. 1-156 ; Intriga y amor, p. 157-288 ; D. Carlos, infante de Espa&#xF1;a, p. 289-483 -- T. III. La desposada de Mesina, 1-107 ; La doncella de Orleans, p. 109-240 ; Guillermo Tell, p.  241-358 ; Mar&#xED;a Estuardo, p. 259-496</subfield>
  </datafield>
  <datafield tag="597" ind1=" " ind2=" ">
    <subfield code="a">Antep.</subfield>
  </datafield>
  <datafield tag="655" ind1=" " ind2="0">
    <subfield code="a">Teatro</subfield>
    <subfield code="9">234794</subfield>
  </datafield>
  <datafield tag="700" ind1="1" ind2=" ">
    <subfield code="a">Mier, Eduardo de.</subfield>
    <subfield code="9">129906</subfield>
    <subfield code="e">trl</subfield>
  </datafield>
  <datafield tag="830" ind1="0" ind2=" ">
    <subfield code="a">Biblioteca cl&#xE1;sica ; </subfield>
    <subfield code="v">43, 49, 62</subfield>
    <subfield code="9">180370</subfield>
  </datafield>
  <datafield tag="852" ind1=" " ind2=" ">
    <subfield code="a">ES-MaACL</subfield>
    <subfield code="c">SPP2</subfield>
    <subfield code="j">F-13257-59</subfield>
    <subfield code="x">Editorial en tela</subfield>
  </datafield>
  <datafield tag="942" ind1=" " ind2=" ">
    <subfield code="2">udc</subfield>
    <subfield code="c">MONANT</subfield>
    <subfield code="n">0</subfield>
  </datafield>
  <datafield tag="999" ind1=" " ind2=" ">
    <subfield code="c">164909</subfield>
    <subfield code="d">164909</subfield>
  </datafield>
  <datafield tag="952" ind1=" " ind2=" ">
    <subfield code="0">0</subfield>
    <subfield code="1">0</subfield>
    <subfield code="2">udc</subfield>
    <subfield code="4">0</subfield>
    <subfield code="7">0</subfield>
    <subfield code="8">LIBXIX</subfield>
    <subfield code="a">ATENEOM</subfield>
    <subfield code="b">ATENEOM</subfield>
    <subfield code="c">SPP2</subfield>
    <subfield code="d">2008-01-17</subfield>
    <subfield code="l">0</subfield>
    <subfield code="o">F-13257-59</subfield>
    <subfield code="p">1172874</subfield>
    <subfield code="r">2023-02-23 00:00:00</subfield>
    <subfield code="w">2023-02-23</subfield>
    <subfield code="y">MONANT</subfield>
  </datafield>
</record>
